[Event "Loire Cup"]
[Site "Loire"]
[Date "2015.05.10"]
[Round "1.3"]
[White "Boeuf, Jeremy"]
[Black "Andre, Gregory"]
[Result "1-0"]
[WhiteElo "1584"]
[BlackElo "1846"]
[PlyCount "52"]
[EventDate "2015.05.10"]
[EventType "team-swiss"]
[EventRounds "3"]
[EventCountry "FRA"]
[SourceTitle "EXT 2016"]
[Source "ChessBase"]
[SourceDate "2015.10.08"]
[SourceVersion "1"]
[SourceVersionDate "2015.10.08"]
[SourceQuality "1"]
[WhiteTeam "ESSE II"]
[BlackTeam "Aurec"]
[WhiteTeamCountry "FRA"]
[BlackTeamCountry "FRA"]

1. f4 d5 2. Nf3 g6 3. e3 Bg7 4. Nc3 e6 5. Be2 Ne7 6. 0-0 0-0 7. d4 a6 8. Ne5 Nd7 9. Bg4 c5 10. Ne2 Qb6 11. c3 f6 12. Nd3 f5 13. Bh3 cxd4 14. exd4 Nf6 15. Ng3 Nc6 16. Ne5 Ne4 17. Kh1 Nxe5 18. fxe5 Bd7 19. a4 Rf7 20. Qc2 Raf8 21. Ne2 g5 22. g3 Bc6 23. Bg2 h6 24. h4 Kh8 25. hxg5 Nxg5 26. Nf4 Kh7 1-0